[Event "St Veit op 17th"]
[Site "St Veit"]
[Date "1998.07.17"]
[Round "7"]
[White "Horvath, Peter"]
[Black "Hafner, Robert"]
[Result "1-0"]
[WhiteElo "2405"]
[BlackElo "2065"]

1.d4 d5 2.Nf3 Nf6 3.c4 c6 4.Nc3 dxc4 5.a4 Bf5 6.Ne5 Nbd7 7.Nxc4 e6 8.g3 Bb4
9.Bg2 O-O 10.O-O Nb6 11.Ne5 a5 12.Re1 h6 13.e4 Bh7 14.Bf4 g5 15.Be3 Bxc3
16.bxc3 Bxe4 17.Bxg5 hxg5 18.Bxe4 Nxe4 19.Rxe4 Qd5 20.Rg4 f6  1-0

[Event "Bad Homburg"]
[Site "Bad Homburg"]
[Date "1998.07.18"]
[Round "2"]
[White "Gabriel, Christian"]
[Black "Torre, Eugenio"]
[Result "1-0"]
[WhiteElo "2555"]
[BlackElo "2560"]

1.d4 Nf6 2.c4 c6 3.Nc3 d5 4.Nf3 dxc4 5.a4 Bf5 6.Ne5 Nbd7 7.Nxc4 Qc7 8.g3 e5
9.dxe5 Nxe5 10.Bf4 Nfd7 11.Bg2 f6 12.a5 Nc5 13.O-O Rd8 14.Qe1 Ne6 15.Bxe5 fxe5
16.a6 b6 17.Rc1 Bc5 18.Na4 O-O 19.b4 Be7 20.Ne3 Nd4 21.Nxf5 Rxf5 22.e3 Nf3+
23.Bxf3 Rxf3 24.Qe2 Rf6 25.b5 c5 26.Nc3 Rfd6 27.Qc4+ Kh8 28.Rcd1 h6 29.Rxd6 Rxd6
30.Rd1 Rxd1+ 31.Nxd1 h5 32.Nc3 h4 33.Kf1 Qd7 34.Qd5 Qh3+ 35.Kg1 Qf5 36.Qa8+ Bf8
37.Qxa7 h3 38.Qa8 Qc2 39.Qxf8+ Kh7 40.Qf3 Qxc3 41.Qh5+ Kg8 42.Qxh3 Qb3 43.Qc8+ Kh7
44.a7 Qd1+ 45.Kg2 Qd5+ 46.Kh3 e4 47.Kg2  1-0

[Event "Smith & Williamson"]
[Site "Witley"]
[Date "1998.07.20"]
[Round "1"]
[White "Bourne, James"]
[Black "Kapadia, Sujit"]
[Result "1/2-1/2"]
[WhiteElo "2065"]
[BlackElo "1872"]

1.d4 d5 2.c4 c6 3.Nf3 Nf6 4.Nc3 dxc4 5.a4 Bf5 6.Ne5 e6 7.f3 Bb4 8.e4 Bxe4
9.fxe4 Nxe4 10.Bd2 Qxd4 11.Nxe4 Bxd2+ 12.Qxd2 Qxe5 13.O-O-O O-O 14.Qd4 Qxd4
15.Rxd4 b5 16.b3 cxb3 17.axb5 cxb5 18.Bxb5 Rc8+ 19.Rc4 Rxc4+ 20.Bxc4 Nc6
21.Bxb3 Nd4 22.Ba4 Rc8+ 23.Kd2 Rc4 24.Rc1 Rxc1 25.Kxc1 Kf8 26.Nd6 e5 27.Kd2 a6
28.Ne4 Ne6 29.Ke3 Ke7 30.Bb3 Nd4 31.Ba4 Ne6 32.Bb3 f5 33.Bxe6 Kxe6 34.Nc5+ Kd5
35.Nxa6 f4+ 36.Kf3 g5  1/2-1/2

[Event "Eikrem mem"]
[Site "Gausdal"]
[Date "1998.08.02"]
[Round "2"]
[White "Akesson, Ralf"]
[Black "Lomo, Markus"]
[Result "1-0"]
[WhiteElo "2510"]
[BlackElo "2020"]

1.Nf3 d5 2.d4 c6 3.c4 Nf6 4.Nc3 dxc4 5.a4 Bf5 6.e3 e6 7.Bxc4 Bb4 8.O-O Nbd7
9.Qe2 Bg6 10.e4 Bxc3 11.bxc3 Nxe4 12.Ba3 Qc7 13.Rfc1 O-O-O 14.a5 Rhe8 15.Nh4 Nd6
16.Nxg6 hxg6 17.Bb3 Kb8 18.Qf3 Nf6 19.a6 b6 20.Ba4 Rc8 21.c4 Nf5 22.Bb2 Red8
23.d5 exd5 24.cxd5 c5 25.Bc6 Rh8 26.g3 Rh3 27.Rxc5 Rch8 28.Rc4 Nd7 29.Bxd7  1-0

[Event "BCF-ch"]
[Site "Torquay"]
[Date "1998.08.03"]
[Round "7"]
[White "Beaumont, Chris"]
[Black "Hanley, Craig"]
[Result "0-1"]
[WhiteElo "2335"]
[BlackElo "2010"]

1.d4 d5 2.c4 c6 3.Nf3 Nf6 4.Nc3 dxc4 5.a4 Bf5 6.e3 e6 7.Bxc4 Bb4 8.O-O O-O
9.Nh4 Bg6 10.Nxg6 hxg6 11.Qc2 Nbd7 12.Rd1 Qa5 13.h3 Rfd8 14.Qb3 Nb6 15.Be2 c5
16.Na2 Nbd5 17.Nxb4 Qxb4 18.Qxb4 Nxb4 19.Bd2 Ne4 20.Bxb4 cxb4 21.Bf3 Nd6
22.Rdc1 Rac8 23.a5 Rxc1+ 24.Rxc1 Rd7 25.Ra1 Rc7 26.Ra4 b3 27.Rb4 Nc4 28.Rxb3 Nxa5
29.Ra3 Nc6 30.Rc3 Kf8 31.e4 Rd7 32.d5 exd5 33.exd5 Ne5 34.Rc8+ Ke7 35.Rb8 Nxf3+
36.gxf3 Kd6 37.Rg8 f6 38.Ra8 a6 39.Kg2 Kxd5 40.Kg3 Kc4 41.Re8 Kb3 42.Re2 b5
43.Kg4 b4 44.f4 a5 45.h4 a4 46.f5 gxf5+ 47.Kxf5 a3 48.bxa3 Kxa3 49.Re8 Ra7
50.h5 b3 51.Rb8 b2 52.f4 Ka2 53.h6 gxh6 54.Kxf6 b1=Q 55.Rxb1 Kxb1 56.Kg6 Ra6+  0-1

[Event "BCF-ch"]
[Site "Torquay"]
[Date "1998.08.06"]
[Round "10"]
[White "Martin, Andrew D"]
[Black "Gormally, Daniel"]
[Result "1/2-1/2"]
[WhiteElo "2445"]
[BlackElo "2415"]

1.Nf3 Nf6 2.d4 d5 3.c4 c6 4.Nc3 dxc4 5.a4 Bf5 6.e3 e6 7.Bxc4 Bb4 8.O-O O-O
9.Nh4 Nbd7 10.Nxf5 exf5 11.Bd2 g6 12.Qb3 a5 13.Rfd1 Nb6 14.Be2 Qe7 15.Bf3 Qe6
16.Qxe6 fxe6 17.Ne2 Bxd2 18.Rxd2 Nbd5 19.Nc1 Ra6 20.Nd3 Rb6 21.Rc1 Nd7  1/2-1/2

[Event "Stockholm2"]
[Site "Stockholm"]
[Date "1998.08.07"]
[Round "7"]
[White "Tella, Jussi"]
[Black "Engqvist, Thomas"]
[Result "1/2-1/2"]
[WhiteElo "2395"]
[BlackElo "2330"]

1.d4 d5 2.c4 c6 3.Nc3 Nf6 4.Nf3 dxc4 5.a4 Bf5 6.e3 e6 7.Bxc4 Bb4 8.O-O Nbd7
9.Qe2 Bg4 10.Rd1 Qa5 11.Bd2 Qh5 12.h3 Bxf3 13.Qxf3 Qxf3 14.gxf3 a5 15.Ne4 Bxd2
16.Rxd2 Ke7 17.Kf1 Nd5 18.Ke2 Nb4 19.Rdd1 Rhd8  1/2-1/2

[Event "Eikrem mem"]
[Site "Gausdal"]
[Date "1998.08.08"]
[Round "8"]
[White "Lehtivaara, Petri"]
[Black "Bokelmann, Joachim"]
[Result "1-0"]
[WhiteElo "2365"]
[BlackElo "2080"]

1.d4 d5 2.c4 c6 3.Nf3 Nf6 4.Nc3 dxc4 5.a4 Bf5 6.Nh4 Be6 7.e4 g6 8.Nf3 Bg7
9.Ng5 Qd7 10.e5 Nd5 11.Nce4 Bf5 12.Nc5 Qc8 13.Bxc4 h6 14.Nf3 b6 15.Nd3 Be6
16.O-O O-O 17.Bd2 Qb7 18.Rc1 Nd7 19.Nf4 Nxf4 20.Bxf4 Bxc4 21.Rxc4 e6 22.Qc1 g5
23.Be3 Rfc8 24.h4 g4 25.Bxh6 Bxh6 26.Qxh6 gxf3 27.Rc3 Nf8 28.Rxf3 Qe7 29.h5 Qh4
30.Rh3 Qe4 31.Rg3+ Ng6 32.hxg6 Qf5  1-0

[Event "Cardoza US op"]
[Site "Kona"]
[Date "1998.08.09"]
[Round "9"]
[White "Rogers, Ian"]
[Black "Donaldson, John W"]
[Result "1-0"]
[WhiteElo "2605"]
[BlackElo "2415"]

1.d4 d5 2.c4 c6 3.Nf3 Nf6 4.Nc3 dxc4 5.a4 Bf5 6.e3 e6 7.Bxc4 Bb4 8.O-O O-O
9.Qe2 Nbd7 10.Rd1 Qa5 11.Bd2 Rad8 12.h3 Ne4 13.Nxe4 Bxe4 14.Bxb4 Qxb4 15.Ng5 Bd5
16.Bxd5 exd5 17.Qc2 Nf6 18.Qc3 Qe7 19.b4 h6 20.Nf3 Ne4 21.Qa3 a6 22.b5 Qxa3
23.Rxa3 axb5 24.axb5 cxb5 25.Rb1 Nd6 26.Rc3 f6 27.Rb2 Kf7 28.Rc7+ Ke6 29.Rxg7 Rc8
30.Nh4 Rf7 31.Rxf7 Kxf7 32.g4 Rc1+ 33.Kg2 Rc6 34.Nf5 Nxf5 35.gxf5 Rb6 36.Rb4 Ke7
37.f3 Kd6 38.e4 dxe4 39.fxe4 Kc6 40.e5 Ra6 41.e6 Kd5 42.Kf3 Ra1 43.Kg4 Rf1
44.Rxb5+ Kxd4 45.Kh5 Kc4 46.e7  1-0

[Event "Hampstead IM3"]
[Site "Hampstead"]
[Date "1998.08.14"]
[Round "5"]
[White "Mah, Karl"]
[Black "Naylor, John"]
[Result "1-0"]
[WhiteElo "2330"]
[BlackElo "2240"]

1.d4 d5 2.c4 c6 3.Nf3 Nf6 4.Nc3 dxc4 5.a4 Bf5 6.Ne5 e6 7.f3 c5 8.e4 cxd4
9.exf5 Bb4 10.fxe6 fxe6 11.Bd2 dxc3 12.bxc3 Qd5 13.Qe2 Bd6 14.Nxc4 Bc7 15.Ne3 Qc5
16.Qb5+ Nbd7 17.Bc4 Bf4 18.Qxc5 Nxc5 19.g3 Bc7 20.Nc2 Nd5 21.O-O Kf7 22.Bxd5 exd5
23.Be3 Ne6 24.Rab1 b6 25.Nb4 Be5 26.Nxd5 Rac8 27.a5 Rhd8 28.Rfd1 Bxc3 29.axb6 axb6
30.Bxb6 Bd4+ 31.Bxd4 Rxd5 32.Bf2 Rxd1+ 33.Rxd1 Rc3 34.Kg2 Ng5 35.Rd7+ Ke6
36.Rxg7 Nxf3 37.Rxh7 Ng5 38.Rh6+ Kf5 39.Rf6+ Kg4 40.h4 Nh3 41.Rg6+ Kf5 42.Rg8  1-0

[Event "CRO-chT"]
[Site "Porec"]
[Date "1998.09.05"]
[Round "1"]
[White "Lalic, Bogdan"]
[Black "Golubovic, Boris"]
[Result "1-0"]
[WhiteElo "2560"]
[BlackElo "2440"]

1.d4 d5 2.c4 c6 3.Nf3 Nf6 4.Nc3 dxc4 5.a4 Bf5 6.Nh4 Bc8 7.e3 e5 8.Bxc4 exd4
9.exd4 Be7 10.O-O O-O 11.Re1 Nd5 12.Nf3 Nxc3 13.bxc3 Nd7 14.a5 Nf6 15.Qb3 Nd5
16.Ne5 a6 17.Nd3 Re8 18.Ba3 Bxa3 19.Qxa3 Be6 20.Nc5 Qg5 21.Re5 Qd2 22.Ne4 Qh6
23.Nd6 Reb8 24.Bxd5 Bxd5 25.Nf5 Qd2 26.Ne7+ Kh8 27.Nxd5 cxd5 28.Rxd5 Re8
29.Qc1 Qd3 30.Rc5 Rac8 31.Qa3 h6 32.h3 Qd2 33.Rf1 Kg8 34.g3 Qd3 35.Qb4 Qf3
36.d5 Rxc5 37.Qxc5 Re2 38.c4 f5 39.d6 Rd2 40.Qe5 f4 41.Qe6+ Kh8 42.Qc8+ Kh7
43.Qf5+ Kh8 44.c5 Rd5 45.Qxf4 Qxf4 46.gxf4 Rxc5 47.Rd1 Rc8 48.Rb1 Rd8 49.Rb6 Kh7
50.Kg2 Kg6 51.Rxb7 Rxd6 52.Rb6 Rf6 53.Kf3 Kh5 54.Rxf6 gxf6 55.Ke4 Kh4 56.Kf5 Kxh3
57.Kxf6 Kg4 58.f5 h5 59.Kg6  1-0

[Event "Elista ol (Men)"]
[Site "Elista"]
[Date "1998.09.30"]
[Round "2"]
[White "Garcia, Raul"]
[Black "Chavez, Hector Eduardo"]
[Result "1/2-1/2"]
[WhiteElo "2340"]
[BlackElo "2070"]

1.Nf3 d5 2.d4 Nf6 3.c4 c6 4.Nc3 dxc4 5.a4 Bf5 6.e3 e6 7.Bxc4 Bb4 8.O-O O-O
9.Qe2 Nbd7 10.e4 Bg6 11.Bd3 Qe7 12.Na2 a5 13.Nxb4 axb4 14.Bd2 Rfd8 15.Rfd1 e5
16.dxe5 Nxe5 17.Nxe5 Qxe5 18.Bxb4 Bh5 19.Qc2 Bxd1 20.Rxd1 Qd4 21.Be7 Re8
22.Bxf6 Qxf6 23.g3 g6 24.Kg2 Qd4 25.b3 Rad8 26.Be2 Qf6 27.Rxd8 Rxd8 28.Bc4 Rd4
29.Qe2 Qe5 30.Qf3 Qxe4 31.Bxf7+ Kg7 32.Qxe4 Rxe4 33.Bc4 Kf6 34.h4 Ke5 35.Bg8 h6
36.Kf3 Re1 37.Kg4 Re4+ 38.Kf3 Kd4 39.Bf7 g5 40.hxg5 hxg5 41.Bc4 Ke5 42.Kg2 Kf6
43.Kf3 Ke5  1/2-1/2

[Event "Elista ol (Men)"]
[Site "Elista"]
[Date "1998.10.02"]
[Round "4"]
[White "Ivanisevic, Ivan"]
[Black "Savchenko, Stanislav"]
[Result "1/2-1/2"]
[WhiteElo "2475"]
[BlackElo "2555"]

1.d4 d5 2.c4 c6 3.Nf3 Nf6 4.Nc3 dxc4 5.a4 Bf5 6.Ne5 Nbd7 7.Nxc4 Qc7 8.g3 e5
9.dxe5 Nxe5 10.Bf4 Nfd7 11.Bg2 f6 12.O-O Nc5 13.Ne3 Bg6 14.b4 Ne6 15.Rc1 Rd8
16.Qb3 Bf7 17.Qb1 Nxf4 18.gxf4 Ng6 19.Ncd5 Bxd5 20.Nxd5 Qd6 21.Qe4+ Kf7 22.Ne3 Qxf4
23.b5 Bd6 24.Qxf4 Nxf4 25.Bf3 cxb5 26.axb5 g6 27.Nc4 Bb4 28.e3 Nd3  1/2-1/2

[Event "Elista ol (Men)"]
[Site "Elista"]
[Date "1998.10.03"]
[Round "5"]
[White "Saud, Mohamed"]
[Black "Aliev, Kerim"]
[Result "0-1"]
[WhiteElo "2220"]
[BlackElo "2385"]

1.d4 d5 2.Nf3 c6 3.c4 Nf6 4.Nc3 dxc4 5.a4 Bf5 6.e3 e6 7.Bxc4 Bb4 8.O-O Nbd7
9.Qb3 a5 10.Na2 c5 11.Nxb4 cxb4 12.Ng5 O-O 13.f3 Nb6 14.Bb5 h6 15.e4 hxg5
16.exf5 Qxd4+ 17.Be3 Qd5 18.Qc2 Rac8 19.Qf2 Nc4 20.Bxg5 Qxf5 21.h4 Nd5 22.Rac1 Nd6
23.g4 Qg6 24.Bd7 Rxc1 25.Rxc1 Qd3 26.h5 Qa6 27.h6 Qb6 28.Rc5 Ne8 29.h7+ Kxh7
30.Rc8 Qxf2+ 31.Kxf2 Nb6 32.Rd8 Nxd7 33.Rxd7 Kg6 34.Be7 Rh8 35.Kg2 Nf6 36.Bxf6 Kxf6
37.Rxb7 Rc8 38.Rb5 Rc2+ 39.Kg3 Rxb2 40.Rxa5 Ra2 41.Ra7 g5 42.a5 Ke5 43.Rb7 Ra4
44.a6 Kd5 45.a7 Kc4 46.Rxf7 b3 47.Kf2 b2 48.Rb7 Kc3  0-1

[Event "Trenque Lauquen Masters"]
[Site "Buenos Aires"]
[Date "1998.10.05"]
[Round "?"]
[White "Llanos, Guillermo"]
[Black "Pirotzky, M."]
[Result "1/2-1/2"]
[WhiteElo "2425"]
[BlackElo "2145"]

1.d4 d5 2.c4 c6 3.Nc3 Nf6 4.Nf3 dxc4 5.a4 Bf5 6.Ne5 e6 7.f3 Bb4 8.e4 Bxe4
9.fxe4 Nxe4 10.Bd2 Qxd4 11.Nxe4 Qxe4+ 12.Qe2 Bxd2+ 13.Kxd2 Qd5+ 14.Kc3 O-O
15.Qe3 Qa5+ 16.Kc2 Na6 17.Bxc4 Nb4+ 18.Kb1 Nd5 19.Qe1 Qc5 20.Bxd5 Qxd5 21.Ra3 f6
22.Nf3 Rad8 23.Qe3 c5 24.Rc1 b6 25.a5 Rfe8 26.Ka1 e5 27.axb6 axb6 28.Qb3 e4
29.Qxd5+ Rxd5 30.Re1 f5 31.Re2 b5 32.Nd2 c4 33.Kb1 Red8 34.Kc1 Kf7 35.Ra7+ R8d7
36.Rxd7+ Rxd7 37.Kc2 Rd3 38.Re1 h5  1/2-1/2

[Event "Elista ol (Men)"]
[Site "Elista"]
[Date "1998.10.05"]
[Round "7"]
[White "O'Connell, Gerard"]
[Black "Barakat, Rafic"]
[Result "1-0"]
[WhiteElo "2180"]
[BlackElo "2125"]

1.d4 d5 2.c4 c6 3.Nf3 Nf6 4.Nc3 dxc4 5.a4 Bf5 6.e3 e6 7.Bxc4 Bb4 8.O-O Nbd7
9.Qe2 Bg6 10.Rd1 O-O 11.Bd2 Re8 12.Na2 Bd6 13.Bb4 Qe7 14.Bxd6 Qxd6 15.Nc3 a5
16.Bd3 Bh5 17.h3 e5 18.dxe5 Bxf3 19.exd6 Bxe2 20.Bxe2 Rad8 21.Rd4 Nc5 22.Rad1 Rd7
23.Bg4 Nxg4 24.hxg4 f6 25.Rc4 b6 26.b4 axb4 27.Rxb4 Red8 28.Rxb6 Rxd6 29.Rxd6 Rxd6
30.a5 Rd3 31.Ne2 Ra3 32.Rxc6 Rxa5 33.Nd4 Kf7 34.Rc7+ Kg6 35.Kh2 h6 36.f3 Kh7
37.Kg3 Kg6 38.f4 Ne4+ 39.Kh2 Nd6 40.f5+ Kh7 41.Ne6 h5 42.Nxg7 Kh6 43.Nxh5 Nxf5
44.gxf5 Kxh5 45.Kh3 Re5 46.g4+ Kh6 47.Rf7 Rxe3+ 48.Kh4 Rf3 49.Rxf6+ Kg7 50.Ra6 Rf1
51.Kg5 Re1 52.Ra7+ Kg8 53.Kg6 Re8 54.f6 Kh8 55.g5 Rg8+ 56.Kh6 Rf8 57.g6  1-0

[Event "Elista ol (Men)"]
[Site "Elista"]
[Date "1998.10.05"]
[Round "7"]
[White "Babula, Vlastimil"]
[Black "Rausis, Igors"]
[Result "1-0"]
[WhiteElo "2575"]
[BlackElo "2535"]

1.d4 d5 2.c4 c6 3.Nf3 Nf6 4.Nc3 dxc4 5.a4 Bf5 6.Ne5 e6 7.f3 Bb4 8.e4 Bxe4
9.fxe4 Nxe4 10.Bd2 Qxd4 11.Nxe4 Qxe4+ 12.Qe2 Bxd2+ 13.Kxd2 Qd5+ 14.Kc2 Na6
15.Nxc4 O-O 16.Qe5 Rab8 17.Be2 f6 18.Qxd5 cxd5 19.Nd6 Nb4+ 20.Kd2 a6 21.Ra3 Rfd8
22.Rb3 Nc6 23.Nxb7 Nd4 24.Nxd8 Nxb3+ 25.Kc3 Nc5 26.Nxe6 Nxa4+ 27.Kd4 Rxb2
28.Bf3 Kf7 29.Ra1 Rb4+ 30.Kxd5 Nc3+ 31.Kc5 Ra4 32.Nd8+ Kg6 33.Re1 Rh4 34.h3 Na4+
35.Kd5 Nc3+ 36.Ke6 Rc4 37.Nc6 h5 38.Ra1 Nb5 39.Rd1 Rc5 40.Rd7 Kh6 41.h4 a5
42.Rd8 g6 43.Kf7 Kh7 44.Ne7 a4 45.Nxg6 Rc8 46.Rd5  1-0

[Event "Elista ol (Men)"]
[Site "Elista"]
[Date "1998.10.06"]
[Round "8"]
[White "Sakaev, Konstantin"]
[Black "Kupreichik, Viktor D"]
[Result "1/2-1/2"]
[WhiteElo "2635"]
[BlackElo "2505"]

1.d4 d5 2.c4 c6 3.Nf3 Nf6 4.Nc3 dxc4 5.a4 Bf5 6.Ne5 Na6 7.e3 Nb4 8.Bxc4 e6
9.O-O Be7 10.f3 Bc2 11.Qd2 Nd7 12.Nxd7 Qxd7 13.b3 O-O 14.Bb2 Rfd8 15.Na2 Nxa2
16.Qxc2 Nb4 17.Qe2 c5 18.Rfd1 Qc7 19.Rac1  1/2-1/2

[Event "New York Manhattan"]
[Site "New York"]
[Date "1998.10.09"]
[Round "2"]
[White "Bonin, Jay R"]
[Black "Palatnik, Semon"]
[Result "1/2-1/2"]
[WhiteElo "2405"]
[BlackElo "2490"]

1.d4 Nf6 2.c4 c6 3.Nc3 d5 4.Nf3 dxc4 5.a4 Bf5 6.e3 e6 7.Bxc4 Bb4 8.O-O Nbd7
9.Qe2 Bg6 10.Rd1 Qc7 11.Bd2 a5 12.Rac1 O-O 13.Bd3  1/2-1/2

[Event "Elista ol (Men)"]
[Site "Elista"]
[Date "1998.10.10"]
[Round "11"]
[White "Piket, Jeroen"]
[Black "Kobalija, Mihail"]
[Result "1/2-1/2"]
[WhiteElo "2605"]
[BlackElo "2505"]

1.Nf3 d5 2.d4 Nf6 3.c4 c6 4.Nc3 dxc4 5.a4 Bf5 6.Ne5 Nbd7 7.Nxc4 Nb6 8.Ne5 e6
9.f3 Nfd7 10.a5 Nxe5 11.axb6 Nd7 12.e4 Bg6 13.bxa7 Qb6 14.Be2 Rxa7 15.Rxa7 Qxa7
16.Be3 e5 17.O-O exd4 18.Bxd4 Qxd4+ 19.Qxd4 Bc5 20.Qxc5 Nxc5 21.b4 Nd7 22.f4 f6
23.Ra1 Ke7 24.Kf2 Kd6 25.h4 Bf7 26.Ke3 Nb6 27.Bd3 Ra8 28.Rxa8 Nxa8 29.Kd4 h6
30.e5+ fxe5+ 31.fxe5+ Ke7 32.g3 Nb6 33.Bf5 Be6 34.Be4 Nc4 35.Na4 Nd2 36.Nc5 b6
37.Na4 c5+ 38.bxc5  1/2-1/2

[Event "Elista ol (Men)"]
[Site "Elista"]
[Date "1998.10.11"]
[Round "12"]
[White "Urday, Henry"]
[Black "Cobb, James"]
[Result "1/2-1/2"]
[WhiteElo "2475"]
[BlackElo "2305"]

1.d4 d5 2.c4 c6 3.Nf3 Nf6 4.Nc3 dxc4 5.a4 Bf5 6.Ne5 e6 7.Nxc4 c5 8.dxc5 Qxd1+
9.Kxd1 Bxc5 10.f3 Nc6 11.e4 Rd8+ 12.Kc2 Bg6 13.Be3 Bxe3 14.Nxe3 O-O 15.Bc4 Nd4+
16.Kb1 Nd7 17.Rd1 Ne5 18.Ka2 f6 19.Rac1 Bf7 20.Bf1 Nec6 21.Ka3 e5 22.Bc4 Rd7
23.b4 Rfd8 24.b5 Ne7 25.Bxf7+ Kxf7 26.Ncd5 Nxd5 27.Nxd5 Ne2 28.Rc2 Nf4 29.a5  1/2-1/2

[Event "Elista ol (Men)"]
[Site "Elista"]
[Date "1998.10.11"]
[Round "12"]
[White "Kanengoni, Arnold T"]
[Black "Garcia, Raul"]
[Result "1/2-1/2"]
[WhiteElo "2215"]
[BlackElo "2340"]

1.d4 d5 2.c4 c6 3.Nf3 Nf6 4.Nc3 dxc4 5.a4 Bf5 6.e3 e6 7.Bxc4 Bb4 8.O-O O-O
9.Qe2 Nbd7 10.e4 Bg6 11.e5 Nd5 12.Ne4 Be7 13.Rd1 Rc8 14.a5 Bh5 15.h3 Qe8
16.Ng3 Bg6 17.h4 h6 18.h5 Bh7 19.Ne4 Bf5 20.Ng3 Bh7 21.Bd3 Bxd3 22.Rxd3 Nb4
23.Re3 c5 24.Re4 cxd4 25.Nxd4 Nc6 26.Nf3 Qd8 27.Rg4 Kh8 28.Bf4 Nc5 29.Rd1 Qxa5
30.Bxh6 gxh6 31.b4 Qa4 32.Rb1 Rg8 33.Rxg8+ Rxg8 34.Qe3 Bg5 35.Nxg5 Rxg5 36.bxc5 Qd4
37.Qxd4 Nxd4 38.Rxb7 Kg7 39.Rd7 Nb5 40.Rb7 Nd4 41.Rxa7 Rxe5 42.Ra4 Nb3  1/2-1/2

[Event "Elista ol (Men)"]
[Site "Elista"]
[Date "1998.10.12"]
[Round "13"]
[White "San Segundo, Pablo"]
[Black "Kupreichik, Viktor D"]
[Result "1/2-1/2"]
[WhiteElo "2490"]
[BlackElo "2505"]

1.Nf3 d5 2.d4 Nf6 3.c4 c6 4.Nc3 dxc4 5.a4 Bf5 6.e3 e6 7.Bxc4 Bb4 8.O-O O-O
9.Qe2 Bg6 10.Bd3 Bxd3 11.Qxd3 c5 12.Na2 Ba5 13.Qb5 cxd4 14.b4 Bc7 15.Qxb7 Nbd7
16.exd4 a5 17.bxa5 Bxa5 18.Ba3 Qb8 19.Qb5 Rc8 20.Rfb1 Qxb5 21.axb5 Nd5 22.Bd6 Bc3
23.Nxc3 Nxc3 24.Re1 Nxb5 25.Bb4 h6 26.Rxa8 Rxa8 27.h4 Rc8 28.Ne5 Nxe5 29.dxe5 Rc4
30.Rb1 Re4 31.Bd6 Nxd6 32.exd6 Rd4 33.Rb6 f5 34.g3 Kf7 35.f4 Kf6  1/2-1/2

[Event "Hampstead IM4"]
[Site "Hampstead"]
[Date "1998.10.26"]
[Round "1"]
[White "Varga, Peter"]
[Black "Christensen, Thomas"]
[Result "1-0"]
[WhiteElo "2445"]
[BlackElo "2290"]

1.d4 d5 2.c4 c6 3.Nc3 Nf6 4.Nf3 dxc4 5.a4 Bf5 6.e3 e6 7.Bxc4 Bb4 8.O-O O-O
9.Nh4 Bg4 10.f3 Bh5 11.g4 Nd5 12.Ng2 Bg6 13.Na2 Be7 14.e4 Nb4 15.Be3 Nxa2
16.Rxa2 Qc7 17.b3 c5 18.d5 exd5 19.Bxd5 Nc6 20.f4 h6 21.Raf2 Bh7 22.f5 Rad8
23.g5 Bxg5 24.Bxg5 hxg5 25.Qh5 Rd6 26.Qxg5 Rh6 27.Nh4 Qe5 28.Nf3 Qf6 29.Qg3 b6
30.Bxc6 Qxc6 31.Rg2 g6 32.Qg5 Rh3 33.Qg4 Rh6 34.Qf4 Rh5 35.Ng5 Qe8 36.Kh1 Kg7
37.Nxh7 Rxh7 38.fxg6 fxg6 39.Rxg6+  1-0

[Event "Hampstead IM4"]
[Site "Hampstead"]
[Date "1998.10.31"]
[Round "8"]
[White "Crouch, Colin S"]
[Black "Christensen, Thomas"]
[Result "1-0"]
[WhiteElo "2410"]
[BlackElo "2290"]

1.d4 d5 2.c4 c6 3.Nf3 Nf6 4.Nc3 dxc4 5.a4 Bf5 6.e3 e6 7.Bxc4 Bb4 8.O-O Nbd7
9.Qe2 O-O 10.e4 Bg6 11.Bd3 Rc8 12.Rd1 Qc7 13.e5 Nd5 14.Bxg6 fxg6 15.Ne4 Rce8
16.Qd3 a5 17.Neg5 Rf5 18.Nh4 Rxg5 19.Bxg5 N7b6 20.Nf3 Rf8 21.Bd2 Qf7 22.Bxb4 Nxb4
23.Qe4 N6d5 24.Rf1 Qe7 25.g3 Rf5 26.Nd2 Qg5 27.f4  1-0

[Event "Chigorin mem"]
[Site "St. Petersburg"]
[Date "1998.10.31"]
[Round "1"]
[White "Polovodin, Igor A"]
[Black "Rudyk, Igor"]
[Result "1-0"]
[WhiteElo "2460"]
[BlackElo "2250"]

1.d4 d5 2.c4 c6 3.Nf3 Nf6 4.Nc3 dxc4 5.a4 Bf5 6.Ne5 Nbd7 7.Nxc4 Qc7 8.g3 e5
9.dxe5 Nxe5 10.Bf4 Rd8 11.Qc1 Bd6 12.Nxd6+ Qxd6 13.Bg2 O-O 14.O-O Qe6 15.Rd1 Ng6
16.Be3 a6 17.a5 Be4 18.Nxe4 Nxe4 19.Qc2 f5 20.Bb6 Rxd1+ 21.Rxd1 Re8 22.e3 Ne7
23.b3 Nd5 24.Bd4 Rd8 25.Bb2 Re8 26.Qc4 Kf7 27.Qd4 Nef6 28.h3 Re7 29.Bf3 Rd7
30.g4 Ne7 31.Qc4 Rxd1+ 32.Bxd1 Ned5 33.Bf3 fxg4 34.hxg4 Ke7 35.e4 Nf4 36.Qb4+ Kf7
37.e5 N6d5 38.Qxb7+ Kg8 39.Qa8+ Kf7 40.Qxa6 Nh3+ 41.Kf1 Nhf4 42.Qc4 Qg6 43.Qe4 Qh6
44.Qf5+ Ke8 45.g5 Qh2 46.e6 Kd8 47.Qf8+ Kc7 48.Be5+  1-0

[Event "Chigorin mem"]
[Site "St. Petersburg"]
[Date "1998.11.01"]
[Round "2"]
[White "Sambuev, Bator"]
[Black "Polyakov, Dmitriy"]
[Result "1-0"]
[WhiteElo "2340"]
[BlackElo "2220"]

1.Nf3 d5 2.d4 Nf6 3.c4 c6 4.Nc3 dxc4 5.a4 Bf5 6.e3 e6 7.Bxc4 Bb4 8.O-O O-O
9.Nh4 Nbd7 10.Nxf5 exf5 11.Qc2 Nb6 12.Be2 Qd7 13.a5 Nbd5 14.Bf3 Rfe8 15.a6 b6
16.Qa4 Bxc3 17.bxc3 b5 18.Qb3 Ne4 19.c4 Nb6 20.Be2 Nxc4 21.Bxc4 bxc4 22.Qxc4 Rab8
23.Rd1 Rb5 24.Ba3 Reb8 25.Rac1 Rb3 26.d5 Rxa3 27.dxc6 Qe8 28.c7 Rc8 29.Qc6 Qxc6
30.Rd8+ Qe8 31.Rxe8+ Rxe8 32.c8=Q Kf8 33.Qb7 Ra2 34.f3 Nf6 35.Rc8 Ra1+ 36.Kf2 Ra2+
37.Kg3 g5 38.Rxe8+ Nxe8 39.Qxa7 Kg7 40.h4 gxh4+ 41.Kxh4 Rxg2 42.Qd4+ Nf6
43.a7 Ra2 44.e4 fxe4 45.fxe4 Kg6 46.e5  1-0

[Event "Chigorin mem"]
[Site "St. Petersburg"]
[Date "1998.11.02"]
[Round "3"]
[White "Rychagov, Andrei"]
[Black "Lastin, Alexander"]
[Result "1/2-1/2"]
[WhiteElo "2485"]
[BlackElo "2550"]

1.d4 d5 2.c4 c6 3.Nc3 Nf6 4.Nf3 dxc4 5.a4 Bf5 6.Nh4 e6 7.Nxf5 exf5 8.e3 Bd6
9.Bxc4 O-O 10.Qf3 g6 11.h3 h5 12.O-O Qe7 13.Re1 Nbd7 14.e4 fxe4 15.Nxe4 Nxe4
16.Rxe4 Qf6 17.Bf4 Nb6 18.Bb3 Nd5 19.Bxd6 Qxd6 20.Re5 Qb4 21.Bxd5 cxd5 22.Rxd5 Qxb2
23.Rd1 Rad8 24.Rb5 Qc2 25.Rxb7  1/2-1/2

[Event "Chigorin mem"]
[Site "St. Petersburg"]
[Date "1998.11.02"]
[Round "3"]
[White "Sherbakov, Ruslan"]
[Black "Kupreichik, Viktor D"]
[Result "1-0"]
[WhiteElo "2555"]
[BlackElo "2505"]

1.d4 d5 2.c4 c6 3.Nf3 Nf6 4.Nc3 dxc4 5.a4 Bf5 6.Nh4 Bc8 7.e3 e6 8.Bxc4 c5
9.O-O cxd4 10.exd4 Be7 11.Nf3 Nc6 12.Qe2 O-O 13.Rd1 Nb4 14.Bg5 h6 15.Bh4 Bd7
16.Ne5 Rc8 17.Re1 Rc7 18.Bg3 Rc8 19.Rad1 Be8 20.Ng6 fxg6 21.Bxe6+ Rf7 22.d5 Bd7
23.Nb5 Rc2 24.Qf3 Qf8 25.Qb3 Bc5 26.Nd4 Bxd4 27.Rxd4 a5 28.Bxf7+ Qxf7 29.Rxb4 axb4
30.Qxc2 Qxd5 31.Rd1 Qe6 32.h3 Kh7 33.Rd6 Qe1+ 34.Kh2 Bc6 35.f3 Qa1 36.Be5 Bxa4
37.Qe2 Nh5 38.b3  1-0

[Event "Corsican op"]
[Site "Bastia"]
[Date "1998.11.03"]
[Round "7"]
[White "Dizdar, Goran"]
[Black "Hauchard, Arnaud"]
[Result "1-0"]
[WhiteElo "2570"]
[BlackElo "2500"]

1.d4 d5 2.c4 c6 3.Nf3 Nf6 4.Nc3 dxc4 5.a4 Bf5 6.Nh4 Bc8 7.e3 e5 8.Bxc4 e4
9.f3 g5 10.fxe4 gxh4 11.O-O Bg7 12.e5 Nd5 13.e4 Nxc3 14.Bxf7+ Kd7 15.e6+ Kc7
16.Bf4+ Kb6 17.a5+ Ka6 18.bxc3 b5 19.axb6+ Kb7 20.bxa7 Na6 21.Qb3+ Qb6 22.Qa4  1-0

[Event "Chigorin mem"]
[Site "St. Petersburg"]
[Date "1998.11.03"]
[Round "4"]
[White "Gutow, A."]
[Black "Kobalija, Mihail"]
[Result "0-1"]
[WhiteElo "2350"]
[BlackElo "2505"]

1.d4 d5 2.c4 c6 3.Nc3 Nf6 4.Nf3 dxc4 5.a4 Bf5 6.Nh4 Bc8 7.e3 e5 8.dxe5 Qxd1+
9.Nxd1 Bb4+ 10.Bd2 Bxd2+ 11.Kxd2 Ne4+ 12.Ke1 Be6 13.Nc3 Nxc3 14.bxc3 Nd7
15.f4 f6 16.f5 Bd5 17.e4 Bxe4 18.exf6 Nxf6 19.Bxc4 O-O-O 20.Ra2 Rhe8 21.Re2 Bd3
22.Rxe8 Rxe8+ 23.Be6+ Kc7 24.Kf2 Ne4+ 25.Ke3 Nc5 26.Kd4 Nxe6+ 27.fxe6 Rd8+
28.Ke3 Bc4 29.Nf5 Bxe6 30.Nxg7 Bc4 31.Re1 a5 32.Kf4 b5 33.axb5 cxb5 34.Ne6+ Bxe6
35.Rxe6 a4 36.Ke3 Kb7 37.Rf6 Rd1 38.Rf7+ Kb6  0-1

[Event "Chigorin mem"]
[Site "St. Petersburg"]
[Date "1998.11.04"]
[Round "5"]
[White "Rychagov, Andrei"]
[Black "Kirusha, Andrey"]
[Result "1-0"]
[WhiteElo "2485"]
[BlackElo "2400"]

1.d4 d5 2.c4 c6 3.Nc3 dxc4 4.a4 Nf6 5.Nf3 Bf5 6.Ne5 Nbd7 7.Nxc4 e6 8.f3 Be7
9.e4 Bg6 10.Be2 O-O 11.O-O Ne8 12.Be3 Nd6 13.a5 Nxc4 14.Bxc4 Bb4 15.Qb3 Bxa5
16.Qxb7 Bb6 17.Rfd1 Rc8 18.Qa6 Qe7 19.Qa3 Rfe8 20.Na4 f5 21.Qxe7 Rxe7 22.Nc5 Nf8
23.Bf4 fxe4 24.Bd6 Ree8 25.fxe4 Bxc5 26.dxc5 Bxe4 27.Rxa7 Bd5 28.Be5  1-0

[Event "Chigorin mem"]
[Site "St. Petersburg"]
[Date "1998.11.04"]
[Round "5"]
[White "Ivanov, Sergey"]
[Black "Kashtanov, Ruslan"]
[Result "1/2-1/2"]
[WhiteElo "2550"]
[BlackElo "2320"]

1.d4 d5 2.Nf3 Nf6 3.c4 c6 4.Nc3 dxc4 5.a4 Bf5 6.Nh4 Bg4 7.h3 Bh5 8.g4 Bg6
9.Bg2 e6 10.Nxg6 hxg6 11.O-O a5 12.e3 Nbd7 13.f4 Nb6 14.Qf3 Nfd5 15.f5 gxf5
16.gxf5 Qd7 17.fxe6 fxe6 18.e4 Nf6 19.Bg5 Be7 20.e5 Qxd4+ 21.Be3 Qxe5 22.Bxb6 Bd6
23.Rfe1 Qh2+ 24.Kf1 O-O 25.Bg1 Ng4 26.Bxh2 Nxh2+ 27.Ke2 Nxf3 28.Bxf3 Bc5
29.Rad1 e5 30.Rd7 Rab8 31.Ne4 Bd4 32.Nd6 b5 33.Bxc6 Rf2+ 34.Kd1 bxa4 35.Rg1 e4
36.Bd5+ Kf8 37.Nxe4 a3 38.Nxf2 a2 39.Rf7+ Ke8  1/2-1/2